| 000 | 01426nam a22002177a 4500 | ||
|---|---|---|---|
| 005 | 20211029094717.0 | ||
| 008 | 211027b ||||| |||| 00| 0 eng d | ||
| 020 | _a9781529342338 | ||
| 040 | _cAl | ||
| 041 | _aEng | ||
| 082 |
_223 _a813.54 _bGRIT |
||
| 100 |
_aJohn Grisham _99260 |
||
| 245 | _aTime for mercy | ||
| 260 |
_aUK _bHodder & Stoughton _c2020 |
||
| 300 |
_a464p. _bPB _c23.5x15cm. |
||
| 365 |
_aBLCR-000062 _b ₹559.20 _c₹ _d₹699.00 _e20% _f04-10-2021 |
||
| 521 | _aDeputy Stuart Kofer is a protected man. Though he's turned his drunken rages on his girlfriend, Josie, and her children many times before, the police code of silence has always shielded him. But one night he goes too far, leaving Josie for dead on the floor before passing out. Her son, sixteen-year-old Drew, knows he only has this one chance to save them. He picks up a gun and takes the law into his own hands. In Clanton, Mississippi, there is no one more hated than a cop killer - but a cop killer's defence lawyer comes close. Jake Brigance doesn't want this impossible case but he's the only one with enough experience to defend the boy. As the trial begins, it seems there is only one outcome: the gas chamber for Drew. But, as the town of Clanton discovers once again, when Jake Brigance takes on an impossible case, anything is possible ... | ||
| 650 |
_aFiction _92002 |
||
| 700 |
_aGRISHAM (John) _92003 |
||
| 942 |
_2ddc _cBK |
||
| 999 |
_c216757 _d216757 |
||